Sústavy, metódy a formy účtovníctva

Bibliographic Details
Main Authors: Králiček, Vladimír, 1912-2005 (Author), Laučík, Zdenko, 1929- (Author)
Format: Article
Language:Slovak
ISSN:1335-1222
Subjects:

MARC

LEADER 00000nab a2200000 a 4500
001 vtls000593066
003 SK-MaSNL
005 20260303214916.0
008 120930c1996 xo 0 slo
015 |a SNBRB19rr/mm-uuuuu 
035 |a CL0593205 
040 |a SNKBUCL  |b slo  |c SNKBUCL  |e AACR2 
041 0 |a slo  |b eng 
044 |a xo  |c SK 
080 |a 657  |2 1981 
100 1 |a Králiček, Vladimír,  |d 1912-2005  |4 aut  |9 242739 
245 1 0 |a Sústavy, metódy a formy účtovníctva  |c Vladimír Králiček, Zdenko Laučík 
546 |a Anglické resumé 
650 0 7 |a účtovníctvo  |2 snkbucl  |9 649 
655 7 |a štúdie  |2 snkbucl  |9 57033 
655 7 |a články z novín a časopisov  |2 snkbucl  |9 267496 
700 1 |a Laučík, Zdenko,  |d 1929-  |4 aut  |9 14384 
773 0 |t Zvesti  |g Roč. 4, č. 5 (1996), s. 138-143  |x 1335-1222 
850 |a Slovenská národná knižnica v Martine  |a MTA001 
852 |a SNK  |b KIS3GCP 
958 |a RK 
992 |a RBX 
999 |c 2219276  |d 2221206